书目信息 |
| 题名: |
大型国际体育赛事的公共外交研究
|
|
| 作者: | 路静 著 | |
| 分册: | ||
| 出版信息: | 北京 时事出版社 2017.12 |
|
| 页数: | 144页 | |
| 开本: | 23cm | |
| 丛书名: | ||
| 单 册: | ||
| 中图分类: | G811.7 | |
| 科图分类: | ||
| 主题词: | 运动竞赛--外交--研究 | |
| 电子资源: | ||
| ISBN: | 978-7-5195-0188-4 | |
| 000 | 01071nam0 2200265 45 | |
| 001 | 012001001114 | |
| 005 | 20130910150019.0 | |
| 010 | @a978-7-5195-0188-4@dCNY88.00 | |
| 099 | @aCAL 012018099524 | |
| 100 | @a20180712d2017 em y0chiy0110 ea | |
| 101 | 0 | @achi |
| 102 | @aCN@b110000 | |
| 105 | @aak a 000yy | |
| 106 | @ar | |
| 200 | 1 | @a大型国际体育赛事的公共外交研究@Ada xing guo ji ti yu sai shi de gong gong wai jiao yan jiu@f路静著 |
| 210 | @a北京@c时事出版社@d2017.12 | |
| 215 | @a144页@c图@d23cm | |
| 314 | @a路静, 博士, 先后就读于黑龙江大学, 澳门科技大学。 | |
| 320 | @a有书目 | |
| 330 | @a本研究意在揭示公共外交在围绕大型国际体育赛事这一“低政治”平台上发挥作用的行为轨迹和内在逻辑。研究采取综观视角, 从公共外交的界定以及国际关系三大研究传统出发, 形成了由政治动机、国际传播、外交沟通以及“低政治”与“高政治”互动要素构成的分析框架, 并依据该框架对1988年汉城奥运会进行了深度个案分析。 | |
| 606 | 0 | @a运动竞赛@x外交@x研究 |
| 690 | @aG811.7@v5 | |
| 701 | 0 | @a路静@Alu jing@4著 |
| 801 | @aCN@b江苏凤凰@c20211018 | |
| 905 | @b1342254-7@dG811.7@e103@f4 | |
| 大型国际体育赛事的公共外交研究/路静著.-北京:时事出版社,2017.12 |
| 144页:图;23cm |
| ISBN 978-7-5195-0188-4:CNY88.00 |
| 本研究意在揭示公共外交在围绕大型国际体育赛事这一“低政治”平台上发挥作用的行为轨迹和内在逻辑。研究采取综观视角, 从公共外交的界定以及国际关系三大研究传统出发, 形成了由政治动机、国际传播、外交沟通以及“低政治”与“高政治”互动要素构成的分析框架, 并依据该框架对1988年汉城奥运会进行了深度个案分析。 |
| ● |
| 相关链接 |
|
|
|
|
正题名:大型国际体育赛事的公共外交研究
索取号:G811.7/103
 
预约/预借
| 序号 | 登录号 | 条形码 | 馆藏地/架位号 | 状态 | 备注 |
| 1 | 1342254 | 213422544 | 第一样本阅览室/ [索取号:G811.7/103] | 在馆 | |
| 2 | 1342255 | 213422553 | 第四借阅区/ [索取号:G811.7/103] | 在馆 | |
| 3 | 1342256 | 213422562 | 第四借阅区/ [索取号:G811.7/103] | 在馆 | |
| 4 | 1342257 | 213422571 | 第四借阅区/ [索取号:G811.7/103] | 在馆 |